| 000 | 00000nas 2200000za 4500 |
| 001 | 9.864716 |
| 003 | CaOODSP |
| 005 | 20221107161623 |
| 007 | cr ||||||||||| |
| 008 | 181115d19761990oncux m #||||f0 |0fre| |
| 040 | |aCaOODSP|bfre |
| 043 | |an-cn--- |
| 086 | 1 |aM38-13F-PDF |
| 245 | 00|aRapport |h[ressources électronique]. |
| 246 | 13|aRapport du CANMET |
| 246 | 13|aCANMET rapport |
| 246 | 13|aRapport CANMET |
| 246 | 13|aRapport de CANMET |
| 260 | |aOttawa : |bCentre canadien de la technologie des minéraux et de l'énergie, |c1976-1990? |
| 310 | |aIrrégulier |
| 500 | |aQueleques livrs. disponible aussi en anglais sous le titre CANMET reports.. |
| 500 | |aÉdition numérisée de l’imprimé [par Saskatchewan Polytechnic Library]. |
| 515 | |aLa numérotation reprend à chaque année au n° 1. |
| 530 | |aÉgalement publ. en version imprimée. |
| 710 | 1 |aCanada. |bRessources naturelles Canada. |
| 710 | 1 |aCanada.|bÉnergie, mines et ressources Canada.|bCentre canadien de la technologie des minéraux et de l'énergie. |
| 775 | 08|tCANMET report |w(CaOODSP)9.852792 |
| 776 | 0#|tRapport CANMET / |w(CaOODSP)9.513119 |